Valorant major MVPs - Statistiken

Allgemein
  • Dieses Quiz wurde 56 mal gespielt
  • Das Durchschnittsergebnis liegt bei 8 aus 13
Antwortstatistiken
Hint Antwort % Korrekt
Masters Reykjavik 2021 TenZ
95%
Champions LA 2023 Demon1
75%
Masters Berlin 2021 nAts
75%
Masters Madrid 2024 zekken
75%
VCT Lock//In 2023 Leo
73%
Masters Tokyo 2023 Alfajer
65%
Masters Reykjavik 2022 yay
65%
Masters Shanghai 2024 Meteor
63%
Masters Bangkok 2025 Meteor
63%
Champions Seoul 2024 Zmjjkk
53%
Champions Istanbul 2022 pANcada
50%
Masters Kopenhagen 2022 Shao
38%
Champions Berlin 2021 zeek
28%
Keine übereinstimmenden Quizze gefunden
Verteilung der Resultate
Anzahl Personen mit jedem Resultat
Perzentil nach korrekt beantworteten Fragen
Ihre Resultats-Entwicklung
Sie haben dieses Quiz noch nicht gespielt